| 000 | 00558nam a2200181 i 4500 | ||
|---|---|---|---|
| 001 | 74147 | ||
| 003 | ES-MaACL | ||
| 007 | t| | ||
| 008 | 040915s1954 sp ||||1| spa d | ||
| 100 | 1 |
_aGonzález-Alegre, Ramón. _958405 |
|
| 245 | 1 | 0 |
_aPoesía gallega contemporánea _b: ensayo sobre literatura gallega / _cRamón González-Alegre. |
| 260 |
_a[S.l. : _bs.n., _c1954] ( _ePontevedra : _fGráficas Torres) |
||
| 300 |
_a228 p. ; _c22 cm. |
||
| 490 | 1 | _aHuguin | |
| 830 | 0 |
_aHuguin _9184613 |
|
| 852 |
_aES-MaACL _jC-6756 _bR.35642 |
||
| 999 |
_c74147 _d74147 |
||